| 000 | 00653nam a2200181Ia 4500 | ||
|---|---|---|---|
| 008 | 090124s9999 xx 000 0 und d | ||
| 082 |
_b15020 _a3659 |
||
| 100 | _aनांगरे बलराम ( पाठक गंगाधर रामचंद्र ) | ||
| 245 | _a अपंगा | ||
| 250 | _a1 | ||
| 260 | _c1965 | ||
| 300 | _a167 | ||
| 600 | _aनांगरे बलराम ( पाठक गंगाधर रामचंद्र ) | ||
| 630 | _a अपंगा | ||
| 700 | _aनांगरे बलराम ( पाठक गंगाधर रामचंद्र ) | ||
| 730 | _a अपंगा | ||
| 942 | _cBOOK | ||
| 999 |
_c128960 _d128960 |
||